| 000 | 00516nam a2200181 4500 | ||
|---|---|---|---|
| 999 |
_c189812 _d189812 |
||
| 005 | 20220713124720.0 | ||
| 010 | _aENG-133496 | ||
| 020 |
_a9789390189809 _c295.00 |
||
| 035 | _aEN-117028 | ||
| 037 | _bDBAD/PUB | ||
| 082 | _aS | ||
| 100 | _aAgarwal, Deepa | ||
| 245 |
_aKashmir Kashmir/ _cDeepa Agarwal |
||
| 260 |
_aGurgaon _bScholastic India Pvt. Ltd. _c2021 |
||
| 270 |
_aA-27, Ground Floor, Sigma Centre, Infocity-1, Sector- 34 _bGurgaon _e122001 |
||
| 300 |
_a126p _c21.6cm(pbk) |
||
| 942 |
_2ddc _cEN _hS _mAGA |
||